| 000 | 00582nam a2200229 i 4500 | ||
|---|---|---|---|
| 001 | 19272 | ||
| 003 | ES-MaACL | ||
| 005 | 20230906152046.0 | ||
| 007 | t| | ||
| 008 | 020708s2002 sp ||||1| spa d | ||
| 020 | _a84-7888-729-6 | ||
| 080 | _a821.161.1-31"19" | ||
| 100 | 1 |
_aAkunin, Boris. _919041 |
|
| 245 | 1 | 3 |
_aEl ángel caído / _cBoris Akunin. |
| 250 | _a1ª ed. | ||
| 260 |
_aBarcelona : _bSalamandra, _c2002. |
||
| 300 |
_a284 p. ; _c22 cm. |
||
| 490 | 1 | _aNarrativa | |
| 830 | 0 |
_aNarrativa _9177839 |
|
| 852 |
_aES-MaACL _jL-25708 _bR.131478 |
||
| 999 |
_c19272 _d19272 |
||